[Event "Goch op 23rd"]
[Site "Goch"]
[Date "2012.08.31"]
[Round "2"]
[White "Aymans, Rainer"]
[Black "Biryukov, Alexei"]
[Result "1-0"]
[WhiteElo "1907"]
[BlackElo "1635"]
[PlyCount "73"]
[EventDate "2012.08.30"]
[EventType "swiss"]
[EventRounds "7"]
[EventCountry "GER"]
[SourceTitle "EXT 2015"]
[Source "ChessBase"]
[SourceDate "2014.11.20"]
[SourceVersion "1"]
[SourceVersionDate "2014.11.20"]
[SourceQuality "1"]

1. Nf3 g6 2. g3 b6 3. Bg2 Bb7 4. 0-0 Bg7 5. d4 Nf6 6. c4 0-0 7. b3 e6 8. Bb2 c5 9. e3 cxd4 10. exd4 d5 11. Nbd2 Nc6 12. Ne5 Rb8 13. Rc1 Nb4 14. a3 Nc6 15. cxd5 Nxe5 16. dxe5 Nxd5 17. Nc4 Ne7 18. Nd6 Bxg2 19. Kxg2 Nd5 20. Qe2 h5 21. h4 Qe7 22. Rc6 Rfd8 23. Rfc1 Bh6 24. R1c2 Rd7 25. Rc8+ Rxc8 26. Rxc8+ Rd8 27. Rc2 Rd7 28. Rc8+ Rd8 29. Qa6 Bf8 30. a4 Nb4 31. Qc4 Rxc8 32. Qxc8 Nd5 33. Ba3 Qc7 34. Qa8 a5 35. Ne8 Qc2 36. Nf6+ Nxf6 37. Qxf8+ 1-0